000
00310nam a22001217a 4500
020
_a
0-07-070434-2
082
_a
621.3815324 WIL'E
100
_a
TAYLOR, F.J , WILLIAM, A.B
_9
66126
245
_a
ELECTRONIC FILTER DESIGN HANDBOOK
260
_a
NEWYORK
_b
MCGRAW HILL
_c
1988
300
_a
XII, B-37P
942
_c
BK
999
_c
574147
_d
574147